<?xml version="1.0" encoding="UTF-8"?>
<record
    xmlns:xsi="http://www.w3.org/2001/XMLSchema-instance"
    xsi:schemaLocation="http://www.loc.gov/MARC21/slim http://www.loc.gov/standards/marcxml/schema/MARC21slim.xsd"
    xmlns="http://www.loc.gov/MARC21/slim">

  <leader>01371    a2200205   4500</leader>
  <controlfield tag="001">39536</controlfield>
  <controlfield tag="005">20260407155653.0</controlfield>
  <controlfield tag="008">260407a1973    arg                 spa d</controlfield>
  <controlfield tag="003">AR-UNSa-BCEJYS</controlfield>
  <datafield tag="040" ind1=" " ind2=" ">
    <subfield code="a">AR-UNSa-BCEJYS</subfield>
    <subfield code="b">spa</subfield>
    <subfield code="c">AR-UNSa-BCEJYS</subfield>
  </datafield>
  <datafield tag="080" ind1=" " ind2=" ">
    <subfield code="a">658.01</subfield>
    <subfield code="x">Metodolog&#xED;a. Teor&#xED;a y pr&#xE1;ctica de la organizaci&#xF3;n( teoria de la organizaci&#xF3;n, an&#xE1;lisis organizacional...)</subfield>
  </datafield>
  <datafield tag="245" ind1="1" ind2="0">
    <subfield code="a">Consultor&#xED;a de procesos</subfield>
    <subfield code="p">su papel en el desarrollo organizacional</subfield>
  </datafield>
  <datafield tag="264" ind1=" " ind2="1">
    <subfield code="a">M&#xE9;xico :</subfield>
    <subfield code="b">Centro Regional de Ayuda T&#xE9;cnica</subfield>
    <subfield code="c">1973</subfield>
  </datafield>
  <datafield tag="300" ind1=" " ind2=" ">
    <subfield code="a">163 p.</subfield>
    <subfield code="c">21 cm.</subfield>
  </datafield>
  <datafield tag="505" ind1=" " ind2=" ">
    <subfield code="a">Parte I: Diagn&#xF3;stico : 1. Introducci&#xF3;n - 2. Procesos en organizaciones : visi&#xF3;n pan&#xF3;ramica - 3. Procesos de comunicaci&#xF3;n - 4. Actuaciones funcionales de los miembros de grupo - 5. Soluci&#xF3;n de problemas y toma de decisiones por el grupo - 6. Normas de grupo y desarrollo del grupo - 7. Liderazgo y autoridad - 8. Procesos de relaci&#xF3;n entre grupos - 8. Procesos de relaci&#xF3;n entre grupos - Parte 2 : Intervenci&#xF3;n : 9. Establecimiento del contacto y definici&#xF3;n de la relaci&#xF3;n - 10. Selecci&#xF3;n de un lugar y un m&#xE9;todo de trabajo - 12. Intervenci&#xF3;n - 13. Evaluaci&#xF3;n de los resultados y terminaci&#xF3;n del compromiso - 14. La consultor&#xED;a de procesos vista en perspectiva.</subfield>
  </datafield>
  <datafield tag="942" ind1=" " ind2=" ">
    <subfield code="c">BK</subfield>
  </datafield>
  <datafield tag="590" ind1=" " ind2=" ">
    <subfield code="a">niveau_biblio:m niveau_hierar:0</subfield>
  </datafield>
  <datafield tag="100" ind1="1" ind2=" ">
    <subfield code="a">Schein, Edgar H.</subfield>
  </datafield>
  <datafield tag="700" ind1="1" ind2=" ">
    <subfield code="a">Gaos, Angel</subfield>
  </datafield>
  <datafield tag="999" ind1=" " ind2=" ">
    <subfield code="c">3064</subfield>
    <subfield code="d">3064</subfield>
  </datafield>
  <datafield tag="952" ind1=" " ind2=" ">
    <subfield code="0">0</subfield>
    <subfield code="1">0</subfield>
    <subfield code="4">0</subfield>
    <subfield code="7">0</subfield>
    <subfield code="a">BCEJYS</subfield>
    <subfield code="b">BCEJYS</subfield>
    <subfield code="c">16</subfield>
    <subfield code="d">2026-04-07</subfield>
    <subfield code="l">0</subfield>
    <subfield code="o">658.01 S318</subfield>
    <subfield code="p">L25105</subfield>
    <subfield code="r">2026-04-07 15:56:53</subfield>
    <subfield code="w">2026-04-07</subfield>
    <subfield code="y">L</subfield>
  </datafield>
  <datafield tag="952" ind1=" " ind2=" ">
    <subfield code="0">0</subfield>
    <subfield code="1">0</subfield>
    <subfield code="4">0</subfield>
    <subfield code="7">0</subfield>
    <subfield code="a">BCEJYS</subfield>
    <subfield code="b">BCEJYS</subfield>
    <subfield code="c">16</subfield>
    <subfield code="d">2026-04-07</subfield>
    <subfield code="l">0</subfield>
    <subfield code="o">658.01 S318</subfield>
    <subfield code="p">L25111</subfield>
    <subfield code="r">2026-04-07 15:56:53</subfield>
    <subfield code="w">2026-04-07</subfield>
    <subfield code="y">L</subfield>
  </datafield>
</record>
